000 00727cam a2200253 4500500
005 20260405003818.0
041 _afre
042 _adc
100 1 0 _aDuru, Martin
_eauthor
245 0 0 _aEtel Adnan. Les anges, le brouillard, le palais de la nuit
260 _c2023.
500 _a60
690 _aenracinement
690 _aEsthétique
690 _aEtel Adnan
690 _aLiban
690 _aNature
690 _aPeinture
690 _aPoésie
690 _aPrésocratiques
690 _aYves Michaud
786 0 _nPhilosophie magazine | 175 | 12 | 2023-12-01 | p. 59-59 | 1951-1787
856 4 1 _uhttps://shs.cairn.info/magazine-philosophie-magazine-2023-12-1-page-59?lang=fr&redirect-ssocas=7080
999 _c2071046
_d2071046